[Event "AUTO-BEG-563"]
[Site "http://www.queenalice.com/game.php?id=1139800"]
[Date "2013.1.12"]
[Round "2"]
[White "BigOli1724"]
[Black "rodrigues"]
[Result "1-0"]
[WhiteElo "1442"]
[BlackElo "1198"]

1. e4 e5 2. d3 Bc5 3. Qe2 d6 4. Nf3 Bg4 5. Bd2 Bxf3 6. Qxf3 h5 7. Nc3 Qh4 8.
O-O-O Na6 9. Nd5 c6 10. Ne3 g5 11. Be2 b5 12. Nf5 Qg4 13. Ng7+ Kf8 14. Nf5 Qxf3
15. Bxf3 1-0

[Event "AUTO-BEG-563"]
[Site "http://www.queenalice.com/game.php?id=1139801"]
[Date "2013.1.12"]
[Round "2"]
[White "rodrigues"]
[Black "papyrusmoon"]
[Result "0-1"]
[WhiteElo "1226"]
[BlackElo "1324"]

1. e4 e5 2. Bc4 Nf6 3. Nf3 Nxe4 4. Qe2 d5 5. Bb5+ c6 6. d3 cxb5 7. dxe4 f6 8.
Nc3 a6 9. Nxd5 Nc6 10. h4 Bg4 11. Be3 Rc8 12. Bb6 Qd7 13. Nc7+ Rxc7 14. Bxc7
Qxc7 15. O-O-O Nb4 16. a3 Na2+ 17. Kb1 Be6 18. Qd2 Bc5 19. b4 Bd4 20. Rhf1 h6
21. h5 Nc3+ 22. Kc1 Qc4 23. Rh1 Qa2 24. Qd3 Qb1+ 25. Kd2 Nxd1 26. Rxd1 Qb2 27.
g3 Bxf2 28. Rf1 Bxg3 29. Rg1 Bc4 30. Qc3 Bf4+ 31. Kd1 Qc1# 0-1

[Event "AUTO-BEG-563"]
[Site "http://www.queenalice.com/game.php?id=1139802"]
[Date "2013.1.12"]
[Round "2"]
[White "papyrusmoon"]
[Black "rodrigues"]
[Result "1-0"]
[WhiteElo "1386"]
[BlackElo "1214"]

1. e4 Nf6 2. e5 Nd5 3. d4 e6 4. Nf3 Bb4+ 5. c3 Be7 6. Bd3 O-O 7. O-O a6 8. Nbd2
f6 9. Ne4 f5 10. Neg5 Bxg5 11. Nxg5 h6 12. Nf3 g5 13. Re1 g4 14. Bxh6 Rf7 15.
Ng5 Re7 16. a3 Nf4 17. Bc4 b5 18. Bb3 Bb7 19. Qd2 Ng6 20. a4 Rh7 21. Nf7 Rxf7
22. Qd3 Nh4 23. axb5 Nxg2 24. Rf1 axb5 25. Qxb5 Qh4 26. Qxb7 Ra5 27. Qxb8+ Kh7
28. Bd2 Rxa1 29. Rxa1 f4 30. Bc2+ Kh6 31. Qh8+ Kg5 32. Qg8+ Kh6 33. Qg6# 1-0

[Event "AUTO-BEG-563"]
[Site "http://www.queenalice.com/game.php?id=1139803"]
[Date "2013.1.12"]
[Round "2"]
[White "rodrigues"]
[Black "Guts"]
[Result "0-1"]
[WhiteElo "1244"]
[BlackElo "1436"]

1. e4 e6 2. Bc4 d5 3. exd5 exd5 4. Bb5+ c6 5. Bd3 Nf6 6. h3 Bc5 7. g4 Qb6 8.
Qe2+ Be7 9. h4 Be6 10. g5 Nfd7 11. f4 g6 12. h5 Nc5 13. b3 Nxd3+ 14. cxd3 Qd4
15. Nc3 Qxf4 16. Qe3 Bxg5 17. Nce2 Qxe3 18. Rh3 Bxh3 19. dxe3 Bf5 20. Nf3 Bf6
21. Ng3 Bxd3 22. Kd2 Be4 23. Ne1 Bxa1 24. Ba3 Nd7 25. hxg6 hxg6 26. Nc2 Bxc2 27.
Kxc2 Rh2+ 28. Kb1 Be5 29. Nf1 Rh1 30. Kc2 Rxf1 31. Kd2 Ra1 32. Kc2 Rxa2+ 0-1

[Event "AUTO-BEG-563"]
[Site "http://www.queenalice.com/game.php?id=1139804"]
[Date "2013.1.12"]
[Round "2"]
[White "Guts"]
[Black "rodrigues"]
[Result "1-0"]
[WhiteElo "1400"]
[BlackElo "1258"]

1. d4 d5 2. c4 dxc4 3. Nc3 Bg4 4. f3 Bf5 5. e4 Bg6 6. Bxc4 a6 7. Nge2 e6 8. O-O
Bb4 9. Qb3 Bxc3 10. bxc3 b5 11. Bd3 Nc6 12. Ng3 Na5 13. Qc2 h5 14. f4 h4 15. Ne2
h3 16. g3 Bh5 17. f5 exf5 18. exf5 Bxe2 19. Qxe2+ Ne7 20. Ba3 g6 21. Rae1 gxf5
22. Bxe7 Qxe7 23. Qxe7# 1-0

[Event "AUTO-INT-2531"]
[Site "http://www.queenalice.com/game.php?id=1139889"]
[Date "2013.1.12"]
[Round "1"]
[White "Rider"]
[Black "rodrigues"]
[Result "1-0"]
[WhiteElo "1637"]
[BlackElo "1228"]

1. c3 e5 2. e4 Nf6 3. f3 Bc5 4. d4 Bb6 5. Bg5 d5 6. Qa4+ c6 7. b4 h6 8. Be3 O-O
9. c4 Qe7 10. b5 exd4 11. Bf4 Nbd7 12. bxc6 bxc6 13. Qxc6 Rb8 14. Bxb8 Nxb8 15.
Qb5 a6 16. Qxb6 Qe6 17. Qxb8 Nh5 18. cxd5 Qd7 19. Nd2 Nf4 20. Qxf4 g5 21. Qf6
Kh7 22. Qxd4 Qd6 23. e5 Qe7 24. Bd3+ Kg7 25. e6+ Kg8 26. Ne2 fxe6 27. d6 Qf6 28.
Qxf6 Rxf6 29. Rc1 Rf5 30. Bxf5 exf5 31. Rxc8+ Kg7 32. d7 Kf6 33. d8=Q+ Kg6 34.
Ng3 f4 35. Rc6+ Kf7 36. Qd7+ 1-0

[Event "AUTO-INT-2531"]
[Site "http://www.queenalice.com/game.php?id=1139890"]
[Date "2013.1.12"]
[Round "1"]
[White "rodrigues"]
[Black "Rider"]
[Result "0-1"]
[WhiteElo "1188"]
[BlackElo "1553"]

1. e4 e5 2. Bc4 Nf6 3. Bd3 d5 4. Nf3 Nc6 5. Bb5 Bd7 6. d3 Na5 7. b4 Nc6 8. Bg5
Be7 9. exd5 Nxd5 10. c4 Ndxb4 11. a3 Na6 12. Nc3 Nc5 13. Qe2 Bxg5 14. h4 Be7 15.
Nd5 Bd6 16. Ng5 Nd4 17. Rh3 c6 18. Ne3 Bxh3 19. Bxc6+ bxc6 20. gxh3 h6 21. Nf3
Nxf3+ 22. Qxf3 Nxd3+ 23. Kd2 Be7 24. Nf5 e4 25. Qxe4 Nc5+ 26. Qd4 Nb3+ 27. Kd3
Qxd4+ 28. Nxd4 Nxa1 29. Nxc6 Bxa3 30. f4 Nb3 31. Kc3 Nc5 32. Kd4 O-O 33. Kd5
Rac8 34. Ne7+ Kh7 35. Nxc8 Rxc8 36. Kd6 Ne4+ 37. Kd7 Rxc4 38. f5 Nf6+ 39. Kd8
Rc6 40. h5 Rd6+ 41. Kc7 Bc5 42. Kb7 Ne8 43. f6 Rxf6 44. Kc8 Nd6+ 45. Kd8 a5 46.
Kd7 a4 47. Ke7 Nf5+ 0-1

[Event "AUTO-INT-2531"]
[Site "http://www.queenalice.com/game.php?id=1139905"]
[Date "2013.1.12"]
[Round "1"]
[White "KARPOVBR"]
[Black "rodrigues"]
[Result "1-0"]
[WhiteElo "1626"]
[BlackElo "1190"]

1. e3 e5 2. Be2 Bb4 3. Nh3 d6 4. O-O Nf6 5. Ng5 h6 6. Nf3 e4 7. Nd4 c5 8. Nb3 a6
9. a3 c4 10. Bxc4 Bg4 11. Qe1 Bc5 12. d3 Nc6 13. d4 Qa5 14. Nxa5 Ne7 15. Nxb7
Rb8 16. Bxa6 Bb6 17. Nxd6+ Kd7 18. Qb4 Ned5 19. Bb5+ Ke6 20. Qc4 Bc7 21. h3 Bxd6
22. hxg4 Rhc8 23. Qb3 1-0

[Event "AUTO-INT-2531"]
[Site "http://www.queenalice.com/game.php?id=1139906"]
[Date "2013.1.12"]
[Round "1"]
[White "rodrigues"]
[Black "KARPOVBR"]
[Result "0-1"]
[WhiteElo "1192"]
[BlackElo "1624"]

1. e4 e6 2. Bc4 Be7 3. Nf3 Nf6 4. d3 O-O 5. Ng5 d5 6. exd5 exd5 7. Bb3 Re8 8.
Bf4 Bc5+ 9. Kd2 Bxf2 10. Rf1 Bg4 11. Qc1 Re2+ 12. Kd1 Nc6 13. Rxf2 Rxf2+ 14. Ke1
Re2+ 15. Kf1 Nh5 16. Nc3 Re7 17. Qe1 Rxe1+ 18. Rxe1 Nxf4 19. h4 h6 20. Nxd5 Nxd5
21. Bxd5 Qxd5 22. a4 hxg5 23. hxg5 Qxg5 24. d4 Nxd4 0-1

[Event "AUTO-OPEN-2887"]
[Site "http://www.queenalice.com/game.php?id=1140157"]
[Date "2013.1.13"]
[Round "1"]
[White "RobertD"]
[Black "rodrigues"]
[Result "1-0"]
[WhiteElo "1987"]
[BlackElo "1232"]

1. d4 d6 2. d5 Nf6 3. c4 Bf5 4. Nc3 Ng4 5. h3 Ne5 6. e4 Bg6 7. Nf3 Bh5 8. Be2
Bxf3 9. Bxf3 h6 10. Bf4 Nxc4 11. Qa4+ Qd7 12. Qxc4 g5 13. Be3 a6 14. Bg4 Qd8 15.
Qe2 Bg7 16. Rc1 b5 17. b3 b4 18. Na4 c6 19. dxc6 Bc3+ 20. Nxc3 Nxc6 21. Nd5 e6
22. Rxc6 Qd7 23. Nf6+ Ke7 24. Nxd7 Kxd7 25. Rb6 h5 26. Bf3 Rhb8 27. Rxb8 Rxb8
28. Qxa6 e5 29. Bxh5 Kc7 30. Bxg5 Rb6 31. Bd8+ Kxd8 32. Qxb6+ Ke8 33. Qc7 d5 34.
Ke2 Kf8 35. Qxf7# 1-0

[Event "AUTO-OPEN-2887"]
[Site "http://www.queenalice.com/game.php?id=1140158"]
[Date "2013.1.13"]
[Round "1"]
[White "rodrigues"]
[Black "RobertD"]
[Result "0-1"]
[WhiteElo "1248"]
[BlackElo "2000"]

1. e4 c5 2. Bc4 e6 3. Nh3 a6 4. d3 b5 5. Bb3 d5 6. exd5 exd5 7. Qf3 Bb7 8. Ng5
Qe7+ 9. Be3 c4 10. dxc4 dxc4 11. Nxf7 Bxf3 12. Nxh8 Bxg2 13. Rg1 Bd5 14. Bxc4
Bxc4 15. h3 Nf6 16. Nc3 b4 17. Na4 Nd5 18. Rd1 Nxe3 19. Rd2 Ng2+ 20. Kd1 Qg5 21.
Nb6 Ne3+ 22. Kc1 Qxg1+ 23. Rd1 Qxd1# 0-1

[Event "AUTO-OPEN-2887"]
[Site "http://www.queenalice.com/game.php?id=1140185"]
[Date "2013.1.13"]
[Round "1"]
[White "jartuga99"]
[Black "rodrigues"]
[Result "1-0"]
[WhiteElo "2042"]
[BlackElo "1246"]

1. e4 e5 2. Bc4 Bc5 3. a4 Nf6 4. d3 a5 5. c3 d6 6. h3 g6 7. Nf3 c6 8. Bg5 Nbd7
9. Nbd2 h6 10. Bh4 g5 11. Bg3 Qb6 12. b3 h5 13. O-O d5 14. exd5 cxd5 15. Bb5 g4
16. Nxe5 h4 17. Nxd7 Bxd7 18. Qe2+ Kf8 19. Be5 Be7 20. Bxd7 gxh3 21. Bxh3 Qc5
22. Qf3 Nd7 23. Bxh8 Qxc3 24. Bxc3 Ne5 25. Bxe5 Bg5 26. Be6 Bxd2 27. Qxf7# 1-0

[Event "AUTO-OPEN-2887"]
[Site "http://www.queenalice.com/game.php?id=1140186"]
[Date "2013.1.13"]
[Round "1"]
[White "rodrigues"]
[Black "jartuga99"]
[Result "0-1"]
[WhiteElo "1234"]
[BlackElo "2044"]

1. e4 c5 2. Bc4 e6 3. d3 a6 4. h4 h5 5. Bg5 f6 6. Bf4 d6 7. g4 hxg4 8. Qxg4 g5
9. hxg5 Rxh1 10. Bxe6 Nc6 11. Qg2 Rxg1+ 12. Qxg1 Bxe6 13. gxf6 Qxf6 14. Nc3 Qxf4
15. Ne2 Qh6 16. a4 Ne5 17. f4 Nf3+ 18. Kf2 Nxg1 19. Rxg1 Nf6 20. Nc3 Qxf4+ 21.
Ke2 Bg4+ 22. Rxg4 Qxg4+ 23. Ke3 Bh6+ 24. Kf2 Qh4+ 25. Kf3 Qh3+ 26. Ke2 Qe3+ 27.
Kd1 Qd2# 0-1

[Event "AUTO-OPEN-2887"]
[Site "http://www.queenalice.com/game.php?id=1140203"]
[Date "2013.1.13"]
[Round "1"]
[White "szachista92"]
[Black "rodrigues"]
[Result "1-0"]
[WhiteElo "1837"]
[BlackElo "1230"]

1. e4 e5 2. f4 exf4 3. Nf3 Bb4 4. c3 Bc5 5. d4 Bd6 6. e5 Be7 7. Bxf4 Nc6 8. Bd3
g5 9. Bg3 g4 10. Nfd2 Bg5 11. O-O Bxd2 12. Nxd2 d5 13. Qe2 h5 14. Qf2 a6 15.
Qxf7# 1-0